000 00863nam a2200265Ia 4500
003 GCL
008 140319s9999 xx 000 0 ara d
040 _aGCL /
_cGCL
082 0 4 _a780.91
_bم ل
100 1 _aمحمد كامل الخلعى
245 1 0 _aكتاب الموسيقى الشرقى /
_cمحمد كامل الخلعى
250 _aالثانية
260 _aالقاهرة :
_bمكتبة الدار العربية للكتاب ،
_c1993
300 _a197 ص ؛
_c24 سم
650 0 4 _aالموسيقى
650 0 4 _aالغناء
650 0 4 _aالموسيقى الغربية
650 0 4 _aاحكام الغناء
650 0 4 _aالموسيقى الشرقية
650 0 4 _aالاغانى العربية
650 0 4 _aقوالب
650 0 4 _aتاريخ ونقد
650 0 4 _aالموسيقيون - تراجم
942 _2ddc
_cBK
999 _c29299
_d29299